| 000 | 00310nam a22001097a 4500 | ||
|---|---|---|---|
| 008 | 170104b xxu||||| |||| 00| 0 eng d | ||
| 020 | _a2901416000883 | ||
| 041 | _aeng | ||
| 080 |
_25th ed. _a618.2 |
||
| 245 |
_aPsychiatric Mental Health Nursing _cVarcarolis, E.M & Carson, C.N & Shoemaker, N.CH |
||
| 942 |
_2udc _cBK |
||
| 999 |
_c2525 _d2525 |
||